000 00852nam a2200205 a 4500
001 000043880
005 20201002045025.0
008 140508s1986 sp ac 000 0 spa d
020 _z84000064410
040 _aDO-SdBNP
_bspa
_cBNPHU
082 _axxxx
_bxxxx
100 1 _aBayón, Eva
_971764
245 1 0 _aContribución al conocimiento de la obra botánica de Carlos Vicioso :
_bapuntes biográficos, bibliografía, nombres nuevos por él propuestos o a él atribuidos y tipificación de los mismos /
_cEva Bayón.
260 _aMadrid :
_bReal Jardín Botánico,
_bConsejo Superior de Investigaciones Científicas,
_c1986.
300 _a183 p. :
_bil., retrs. ;
_c24 cm.
490 1 _aRuizia
_v4
500 _aIncluye referencias bibliográficas y notas al pie de las páginas
504 _aBibliografía : p. 182-183
830 0 _aRuizia ;
_n4
_971765
999 _c43369
_d43369